[Event "DEM U12w 2024"]
[Site "Willingen GER"]
[Date "2024.05.24"]
[Round "8"]
[White "Bohatyrova, Mariia"]
[Black "Schirmbeck, Lilian"]
[Result "1-0"]
[Termination "normal"]
[Board "1"]
[BlackTitle "WCM"]
[WhiteElo "1588"]
[BlackElo "1790"]
[WhiteClock "00:06:35"]
[BlackClock "00:03:14"]
[PlyCount "93"]
[WhiteFideId "34165789"]
[BlackFideId "34620532"]
[EventCountry "GER"]
[EventRounds "9"]
[EventType "swiss"]
[EventDate "2024.05.18"]

1. e4 {[%clk 01:30:56]} {[%emt 00:00:03]} c5 {[%clk 01:30:56]} {[%emt
00:00:04]} 2. Nf3 {[%clk 01:31:23]} {[%emt 00:00:04]} Nc6 {[%clk 01:31:21]}
{[%emt 00:00:04]} 3. Bb5 {[%clk 01:31:47]} {[%emt 00:00:05]} a6 {[%clk
01:22:33]} {[%emt 00:09:19]} 4. Bxc6 {[%emt 00:00:27]} bxc6 {[%clk 01:22:30]}
{[%emt 00:00:31]} 5. Nc3 {[%clk 01:25:05]} {[%emt 00:07:17]} d5 {[%clk
01:18:12]} {[%emt 00:04:48]} 6. d4 {[%clk 01:16:04]} {[%emt 00:09:30]} e6
{[%clk 01:14:05]} {[%emt 00:04:38]} 7. O-O {[%clk 01:15:22]} {[%emt 00:01:12]}
cxd4 {[%clk 01:09:37]} {[%emt 00:04:58]} 8. Nxd4 {[%clk 01:12:12]} {[%emt
00:03:39]} Bb7 {[%clk 01:08:19]} {[%emt 00:01:47]} 9. exd5 {[%clk 01:10:00]}
{[%emt 00:02:44]} cxd5 {[%clk 01:08:17]} {[%emt 00:00:32]} 10. f4 {[%clk
01:09:07]} {[%emt 00:01:22]} Nf6 {[%clk 00:59:53]} {[%emt 00:08:54]} 11. Kh1
{[%clk 01:03:58]} {[%emt 00:05:39]} Bd6 {[%clk 00:56:19]} {[%emt 00:04:03]} 12.
Nce2 {[%clk 00:49:50]} {[%emt 00:14:39]} O-O {[%clk 00:51:59]} {[%emt
00:04:51]} 13. Ng3 {[%clk 00:48:18]} {[%emt 00:02:01]} Ne4 {[%clk 00:50:05]}
{[%emt 00:02:25]} 14. Rf3 {[%clk 00:41:49]} {[%emt 00:06:58]} Qf6 {[%clk
00:39:36]} {[%emt 00:10:58]} 15. Nxe4 {[%clk 00:24:54]} {[%emt 00:17:26]} dxe4
{[%clk 00:39:53]} {[%emt 00:00:14]} 16. Rf1 {[%clk 00:24:33]} {[%emt 00:00:50]}
Rfd8 {[%clk 00:36:14]} {[%emt 00:04:09]} 17. c3 {[%clk 00:23:39]} {[%emt
00:01:25]} a5 {[%clk 00:28:50]} {[%emt 00:07:54]} 18. Be3 {[%clk 00:15:47]}
{[%emt 00:08:22]} Ba6 {[%clk 00:27:00]} {[%emt 00:02:20]} 19. Rf2 {[%clk
00:16:08]} {[%emt 00:00:08]} Bc5 {[%clk 00:24:22]} {[%emt 00:03:08]} 20. Qg4
{[%clk 00:10:39]} {[%emt 00:05:57]} Ba7 {[%clk 00:22:04]} {[%emt 00:02:49]} 21.
Rd1 {[%clk 00:09:12]} {[%emt 00:01:57]} g6 {[%clk 00:12:05]} {[%emt 00:10:30]}
22. f5 {[%clk 00:06:28]} {[%emt 00:03:13]} exf5 {[%clk 00:05:18]} {[%emt
00:07:17]} 23. Bg5 {[%clk 00:05:30]} {[%emt 00:01:27]} Qg7 {[%clk 00:04:26]}
{[%emt 00:01:22]} 24. Qh4 {[%clk 00:05:03]} {[%emt 00:00:57]} Rd6 {[%clk
00:03:24]} {[%emt 00:01:31]} 25. Rfd2 {[%clk 00:04:43]} {[%emt 00:00:53]} f6
{[%clk 00:03:01]} {[%emt 00:00:54]} 26. Bh6 {[%clk 00:04:08]} {[%emt 00:01:04]}
Qf7 {[%clk 00:02:39]} {[%emt 00:00:50]} 27. Bf4 {[%clk 00:03:34]} {[%emt
00:01:06]} g5 {[%clk 00:02:12]} {[%emt 00:00:57]} 28. Qg3 {[%clk 00:03:53]}
{[%emt 00:00:10]} Rd5 {[%clk 00:02:05]} {[%emt 00:00:35]} 29. Be3 {[%clk
00:03:08]} {[%emt 00:01:19]} Bb8 {[%clk 00:02:12]} {[%emt 00:00:22]} 30. Qh3
{[%clk 00:03:04]} {[%emt 00:00:33]} f4 {[%clk 00:02:25]} {[%emt 00:00:18]} 31.
Nf5 {[%clk 00:03:01]} {[%emt 00:00:33]} Rxd2 {[%clk 00:01:34]} {[%emt
00:01:21]} 32. Rxd2 {[%clk 00:02:47]} {[%emt 00:00:45]} h5 {[%clk 00:00:42]}
{[%emt 00:01:22]} 33. Nh6+ {[%clk 00:02:55]} {[%emt 00:00:21]} Kg7 {[%clk
00:01:00]} {[%emt 00:00:13]} 34. Nxf7 {[%clk 00:02:55]} {[%emt 00:00:29]} fxe3
{[%clk 00:01:06]} {[%emt 00:00:24]} 35. Qxe3 {[%clk 00:03:09]} {[%emt
00:00:16]} Bf4 {[%clk 00:00:41]} {[%emt 00:00:55]} 36. Qxe4 {[%clk 00:03:29]}
{[%emt 00:00:10]} Rf8 {[%clk 00:00:46]} {[%emt 00:00:25]} 37. Rd7 {[%clk
00:03:31]} {[%emt 00:00:28]} Rxf7 {[%clk 00:00:42]} {[%emt 00:00:34]} 38. Rxf7+
{[%clk 00:03:55]} {[%emt 00:00:07]} Kxf7 {[%clk 00:01:09]} {[%emt 00:00:04]}
39. Qh7+ {[%clk 00:04:11]} {[%emt 00:00:14]} Ke6 {[%clk 00:01:31]} {[%emt
00:00:08]} 40. Qxh5 {[%clk 00:04:26]} {[%emt 00:00:14]} Bd3 {[%emt 00:01:03]}
41. Qe8+ {[%clk 00:04:34]} Kf5 {[%clk 00:01:40]} {[%emt 00:00:10]} 42. Qd7+
{[%clk 00:04:45]} {[%emt 00:00:19]} Ke4 {[%clk 00:02:04]} {[%emt 00:00:06]} 43.
Qd4+ {[%clk 00:05:06]} {[%emt 00:00:09]} Kf5 {[%clk 00:02:17]} {[%emt
00:00:18]} 44. Qxd3+ {[%clk 00:05:31]} {[%emt 00:00:04]} Ke6 {[%clk 00:02:35]}
{[%emt 00:00:13]} 45. b4 {[%clk 00:05:45]} {[%emt 00:00:16]} axb4 {[%clk
00:02:59]} {[%emt 00:00:07]} 46. cxb4 {[%clk 00:06:11]} {[%emt 00:00:04]} Ke7
{[%clk 00:03:14]} {[%emt 00:00:15]} 47. a4 {[%clk 00:06:35]} {[%emt 00:00:06]}
1-0

[Event "DEM U12w 2024"]
[Site "Willingen GER"]
[Date "2024.05.24"]
[Round "8"]
[White "Busch, Lara Sophie"]
[Black "Komar, Valerie"]
[Result "1-0"]
[Termination "normal"]
[Board "2"]
[WhiteElo "1585"]
[BlackElo "1769"]
[WhiteClock "00:28:38"]
[BlackClock "00:40:22"]
[PlyCount "119"]
[WhiteFideId "34664866"]
[BlackFideId "34139664"]
[EventCountry "GER"]
[EventRounds "9"]
[EventType "swiss"]
[EventDate "2024.05.18"]

1. e4 {[%clk 01:30:59]} e5 {[%clk 01:30:57]} {[%emt 00:00:04]} 2. Nf3 {[%clk
01:31:17]} {[%emt 00:00:11]} Nf6 {[%clk 01:31:23]} {[%emt 00:00:04]} 3. Nxe5
{[%clk 01:31:23]} {[%emt 00:00:24]} d6 {[%clk 01:31:46]} {[%emt 00:00:06]} 4.
Nf3 {[%clk 01:31:24]} {[%emt 00:00:30]} Nxe4 {[%clk 01:32:11]} {[%emt
00:00:05]} 5. Nc3 {[%clk 01:31:37]} {[%emt 00:00:17]} Nf6 {[%clk 01:32:36]}
{[%emt 00:00:04]} 6. d4 {[%clk 01:31:52]} {[%emt 00:00:14]} Be7 {[%clk
01:30:38]} {[%emt 00:02:28]} 7. Bd3 {[%clk 01:30:51]} {[%emt 00:01:31]} Bg4
{[%clk 01:30:30]} {[%emt 00:00:38]} 8. h3 {[%clk 01:30:42]} {[%emt 00:00:40]}
Bh5 {[%clk 01:30:36]} {[%emt 00:00:22]} 9. O-O {[%clk 01:30:09]} {[%emt
00:01:04]} O-O {[%clk 01:29:12]} {[%emt 00:01:53]} 10. Re1 {[%clk 01:22:32]}
{[%emt 00:08:08]} Nbd7 {[%clk 01:17:43]} {[%emt 00:11:59]} 11. Ne4 {[%clk
01:18:50]} {[%emt 00:04:12]} c6 {[%clk 01:14:58]} {[%emt 00:03:15]} 12. Ng3
{[%clk 01:15:32]} {[%emt 00:03:48]} Bg6 {[%clk 01:08:04]} {[%emt 00:07:24]} 13.
Nf5 {[%clk 01:11:22]} {[%emt 00:04:41]} Bxf5 {[%clk 00:57:25]} {[%emt
00:11:08]} 14. Bxf5 {[%clk 01:11:32]} {[%emt 00:00:19]} Re8 {[%clk 00:56:42]}
{[%emt 00:01:13]} 15. c4 {[%clk 01:08:47]} {[%emt 00:03:15]} Nf8 {[%clk
00:54:45]} {[%emt 00:02:27]} 16. b4 {[%clk 01:00:26]} {[%emt 00:08:51]} d5
{[%clk 00:52:41]} {[%emt 00:02:35]} 17. c5 {[%clk 01:00:17]} {[%emt 00:00:38]}
b6 {[%clk 00:50:30]} {[%emt 00:02:41]} 18. Ne5 {[%clk 00:52:55]} {[%emt
00:07:52]} Qc7 {[%clk 00:42:37]} {[%emt 00:08:23]} 19. Qa4 {[%clk 00:51:53]}
{[%emt 00:01:26]} Bd8 {[%clk 00:33:07]} {[%emt 00:10:05]} 20. Bf4 {[%clk
00:50:00]} {[%emt 00:02:06]} Ne6 {[%clk 00:30:00]} {[%emt 00:03:55]} 21. Bxe6
{[%clk 00:42:41]} {[%emt 00:07:50]} Rxe6 {[%clk 00:30:17]} {[%emt 00:00:13]}
22. Nd3 {[%clk 00:36:50]} {[%emt 00:06:19]} Qb7 {[%clk 00:25:37]} {[%emt
00:05:10]} 23. Rxe6 {[%clk 00:35:26]} {[%emt 00:01:55]} fxe6 {[%clk 00:26:01]}
{[%emt 00:00:07]} 24. Re1 {[%clk 00:33:01]} {[%emt 00:02:54]} Qc8 {[%clk
00:25:56]} {[%emt 00:00:34]} 25. Ne5 {[%clk 00:32:27]} {[%emt 00:01:05]} b5
{[%clk 00:26:08]} {[%emt 00:00:17]} 26. Qc2 {[%clk 00:31:20]} {[%emt 00:01:34]}
a5 {[%clk 00:24:26]} {[%emt 00:02:15]} 27. a3 {[%clk 00:30:12]} {[%emt
00:01:38]} axb4 {[%clk 00:23:03]} {[%emt 00:01:53]} 28. axb4 {[%clk 00:30:31]}
{[%emt 00:00:11]} Ne4 {[%clk 00:22:51]} {[%emt 00:00:41]} 29. f3 {[%clk
00:28:58]} {[%emt 00:02:03]} Nf6 {[%clk 00:22:48]} {[%emt 00:00:33]} 30. Nd3
{[%clk 00:27:05]} {[%emt 00:02:18]} Nh5 {[%clk 00:22:02]} {[%emt 00:01:20]} 31.
Bd6 {[%clk 00:25:38]} {[%emt 00:01:58]} Nf6 {[%clk 00:20:05]} {[%emt 00:02:27]}
32. Qe2 {[%clk 00:25:25]} {[%emt 00:00:38]} Kf7 {[%clk 00:16:47]} {[%emt
00:03:52]} 33. Ne5+ {[%clk 00:24:41]} {[%emt 00:01:15]} Kg8 {[%clk 00:16:38]}
{[%emt 00:00:37]} 34. Nxc6 {[%clk 00:20:12]} {[%emt 00:05:01]} Qxc6 {[%clk
00:10:35]} {[%emt 00:06:34]} 35. Qxe6+ {[%clk 00:20:30]} {[%emt 00:00:12]} Kh8
{[%clk 00:11:01]} {[%emt 00:00:03]} 36. Qf7 {[%clk 00:20:07]} {[%emt 00:00:53]}
h6 {[%clk 00:10:32]} {[%emt 00:01:00]} 37. Bf8 {[%clk 00:19:40]} {[%emt
00:00:56]} Qc7 {[%clk 00:09:06]} {[%emt 00:01:56]} 38. Bxg7+ {[%clk 00:19:24]}
{[%emt 00:00:46]} Kh7 {[%clk 00:08:49]} {[%emt 00:00:47]} 39. Qxc7 {[%clk
00:19:31]} {[%emt 00:00:24]} Bxc7 {[%clk 00:09:15]} {[%emt 00:00:04]} 40. Bxf6
{[%clk 00:19:31]} {[%emt 00:00:29]} Kg6 {[%clk 00:09:32]} {[%emt 00:00:14]} 41.
Be5 {[%clk 00:19:15]} {[%emt 00:00:45]} Bd8 {[%clk 00:09:59]} {[%emt 00:00:04]}
42. Bf4 {[%clk 00:18:53]} {[%emt 00:00:52]} Bf6 {[%clk 00:10:00]} {[%emt
00:00:29]} 43. Be5 {[%clk 00:15:47]} {[%emt 00:03:37]} Bd8 {[%clk 00:07:44]}
{[%emt 00:02:46]} 44. Rc1 {[%clk 00:14:51]} {[%emt 00:01:26]} Be7 {[%clk
00:07:41]} {[%emt 00:00:34]} 45. Kf2 {[%clk 00:11:28]} {[%emt 00:03:53]} Ra2+
{[%clk 00:07:37]} {[%emt 00:00:34]} 46. Kg3 {[%clk 00:09:36]} {[%emt 00:02:19]}
h5 {[%clk 00:07:47]} {[%emt 00:00:22]} 47. h4 {[%clk 00:09:08]} {[%emt
00:00:58]} Ra8 {[%clk 00:08:10]} {[%emt 00:00:07]} 48. Bf4 {[%clk 00:06:58]}
{[%emt 00:02:40]} Bf6 {[%clk 00:08:32]} {[%emt 00:00:08]} 49. Be3 {[%clk
00:04:39]} {[%emt 00:02:48]} Be7 {[%clk 00:08:29]} {[%emt 00:00:33]} 50. Bg5
{[%clk 00:03:13]} {[%emt 00:01:56]} Bxg5 {[%clk 00:07:54]} {[%emt 00:01:06]}
51. hxg5 {[%clk 00:03:34]} {[%emt 00:00:09]} Kxg5 {[%clk 00:07:50]} {[%emt
00:00:35]} 52. c6 {[%clk 00:03:28]} {[%emt 00:00:36]} h4+ {[%clk 00:08:18]}
{[%emt 00:00:02]} 53. Kh3 {[%clk 00:03:30]} {[%emt 00:00:24]} Kf4 {[%clk
00:08:43]} {[%emt 00:00:06]} 54. Rc5 {[%clk 00:03:05]} {[%emt 00:00:54]} Rg8
{[%clk 00:08:49]} {[%emt 00:00:27]} 55. Rxd5 {[%clk 00:01:35]} {[%emt
00:01:59]} Rg3+ {[%clk 00:09:16]} {[%emt 00:00:04]} 56. Kh2 {[%clk 00:00:37]}
{[%emt 00:01:16]} Rg8 {[%clk 00:09:08]} {[%emt 00:00:49]} 57. Rxb5 {[%clk
00:29:52]} {[%emt 00:01:15]} h3 {[%clk 00:39:35]} {[%emt 00:00:04]} 58. gxh3
{[%clk 00:29:39]} {[%emt 00:00:43]} Kxf3 {[%clk 00:40:01]} {[%emt 00:00:04]}
59. Rf5+ {[%clk 00:29:20]} {[%emt 00:00:47]} Ke4 {[%clk 00:40:22]} {[%emt
00:00:10]} 60. Rc5 {[%clk 00:28:38]} {[%emt 00:01:04]} 1-0

[Event "DEM U12w 2024"]
[Site "Willingen GER"]
[Date "2024.05.24"]
[Round "8"]
[White "Tu, Audrey"]
[Black "Jordan, Christina"]
[Result "0-1"]
[Termination "normal"]
[Board "3"]
[WhiteElo "1711"]
[BlackElo "1802"]
[WhiteClock "00:28:25"]
[BlackClock "00:49:19"]
[PlyCount "86"]
[WhiteFideId "34628568"]
[BlackFideId "1347977"]
[EventCountry "GER"]
[EventRounds "9"]
[EventType "swiss"]
[EventDate "2024.05.18"]

1. e4 {[%clk 01:30:59]} c5 {[%clk 01:30:54]} {[%emt 00:00:06]} 2. Nc3 {[%clk
01:31:11]} {[%emt 00:00:19]} a6 {[%clk 01:31:16]} {[%emt 00:00:08]} 3. g3
{[%clk 01:31:27]} {[%emt 00:00:13]} b5 {[%clk 01:31:34]} {[%emt 00:00:12]} 4.
Bg2 {[%clk 01:31:52]} {[%emt 00:00:05]} Bb7 {[%clk 01:31:59]} {[%emt 00:00:05]}
5. d3 {[%clk 01:28:47]} {[%emt 00:03:36]} e6 {[%clk 01:29:28]} {[%emt
00:03:01]} 6. f4 {[%clk 01:27:20]} {[%emt 00:01:57]} Nf6 {[%clk 01:26:01]}
{[%emt 00:03:57]} 7. Nf3 {[%clk 01:22:46]} {[%emt 00:05:05]} d6 {[%clk
01:21:18]} {[%emt 00:05:12]} 8. O-O {[%clk 01:18:50]} {[%emt 00:04:26]} Nbd7
{[%clk 01:18:52]} {[%emt 00:02:56]} 9. e5 {[%clk 01:11:48]} {[%emt 00:07:32]}
Nd5 {[%clk 01:16:43]} {[%emt 00:02:39]} 10. Ne4 {[%clk 01:07:00]} {[%emt
00:05:18]} Qc7 {[%clk 01:10:00]} {[%emt 00:07:13]} 11. c4 {[%clk 00:56:37]}
{[%emt 00:10:53]} N5b6 {[%clk 01:05:40]} {[%emt 00:04:50]} 12. exd6 {[%clk
00:52:15]} {[%emt 00:04:53]} Bxd6 {[%clk 01:04:39]} {[%emt 00:01:30]} 13. Nfg5
{[%clk 00:47:42]} {[%emt 00:05:03]} O-O {[%clk 00:55:57]} {[%emt 00:09:12]} 14.
Nxd6 {[%clk 00:44:46]} {[%emt 00:03:26]} Bxg2 {[%clk 00:56:12]} {[%emt
00:00:14]} 15. Qh5 {[%clk 00:35:34]} {[%emt 00:09:44]} Nf6 {[%clk 00:47:22]}
{[%emt 00:09:19]} 16. Qh4 {[%clk 00:27:24]} {[%emt 00:08:40]} Bxf1 {[%clk
00:40:53]} {[%emt 00:07:00]} 17. Nde4 {[%clk 00:24:49]} {[%emt 00:03:05]} Bxd3
{[%clk 00:38:40]} {[%emt 00:02:43]} 18. Nxf6+ {[%clk 00:22:17]} {[%emt
00:03:02]} gxf6 {[%clk 00:39:03]} {[%emt 00:00:06]} 19. f5 {[%clk 00:18:49]}
{[%emt 00:03:59]} Bxf5 {[%clk 00:37:51]} {[%emt 00:01:43]} 20. Nf3 {[%clk
00:09:51]} {[%emt 00:09:27]} Qd8 {[%clk 00:32:33]} {[%emt 00:05:46]} 21. Bh6
{[%clk 00:09:21]} {[%emt 00:01:01]} Re8 {[%clk 00:29:38]} {[%emt 00:03:25]} 22.
Rf1 {[%clk 00:06:16]} {[%emt 00:03:36]} Nxc4 {[%clk 00:26:20]} {[%emt
00:03:49]} 23. g4 {[%clk 00:04:18]} {[%emt 00:02:27]} Bg6 {[%clk 00:24:58]}
{[%emt 00:01:51]} 24. b3 {[%clk 00:02:54]} {[%emt 00:01:55]} Ne5 {[%clk
00:21:00]} {[%emt 00:04:28]} 25. Qg3 {[%clk 00:01:30]} {[%emt 00:01:54]} Nxf3+
{[%clk 00:21:16]} {[%emt 00:00:14]} 26. Qxf3 {[%clk 00:01:32]} {[%emt
00:00:28]} Qd5 {[%clk 00:20:02]} {[%emt 00:01:45]} 27. Qh3 {[%clk 00:01:29]}
{[%emt 00:00:33]} Qd4+ {[%clk 00:20:07]} {[%emt 00:00:25]} 28. Be3 {[%clk
00:01:31]} {[%emt 00:00:29]} Qe5 {[%clk 00:18:47]} {[%emt 00:01:49]} 29. Qh6
{[%clk 00:01:20]} {[%emt 00:00:41]} Red8 {[%clk 00:17:28]} {[%emt 00:01:49]}
30. Bf4 {[%clk 00:01:20]} {[%emt 00:00:30]} Qd4+ {[%clk 00:17:45]} {[%emt
00:00:13]} 31. Kg2 {[%clk 00:01:16]} {[%emt 00:00:34]} e5 {[%clk 00:17:16]}
{[%emt 00:00:59]} 32. Bg3 {[%clk 00:01:22]} {[%emt 00:00:24]} Qd2+ {[%clk
00:17:28]} {[%emt 00:00:17]} 33. Qxd2 {[%clk 00:01:24]} {[%emt 00:00:29]} Rxd2+
{[%clk 00:17:55]} {[%emt 00:00:02]} 34. Kh3 {[%clk 00:01:43]} {[%emt 00:00:12]}
Kg7 {[%clk 00:18:19]} {[%emt 00:00:05]} 35. g5 {[%clk 00:01:54]} {[%emt
00:00:20]} fxg5 {[%clk 00:17:58]} {[%emt 00:00:52]} 36. Bxe5+ {[%clk 00:02:18]}
{[%emt 00:00:06]} Kg8 {[%clk 00:17:43]} {[%emt 00:00:45]} 37. Bf6 {[%clk
00:02:00]} {[%emt 00:00:48]} h6 {[%clk 00:18:09]} {[%emt 00:00:04]} 38. Rc1
{[%clk 00:02:00]} {[%emt 00:00:30]} Re8 {[%clk 00:18:16]} {[%emt 00:00:23]} 39.
Kg4 {[%clk 00:01:14]} {[%emt 00:01:16]} Re4+ {[%clk 00:18:05]} {[%emt
00:00:40]} 40. Kf3 {[%clk 00:01:19]} {[%emt 00:00:25]} Rde2 {[%clk 00:18:15]}
{[%emt 00:00:20]} 41. Rc3 {[%clk 00:28:51]} {[%emt 00:02:58]} Bh5+ {[%clk
00:48:29]} {[%emt 00:00:15]} 42. Kg3 {[%clk 00:29:06]} {[%emt 00:00:15]} R2e3+
{[%clk 00:48:53]} {[%emt 00:00:06]} 43. Kf2 {[%clk 00:28:25]} {[%emt 00:01:11]}
Rxc3 {[%clk 00:49:19]} {[%emt 00:00:04]} 0-1

[Event "DEM U12w 2024"]
[Site "Willingen GER"]
[Date "2024.05.24"]
[Round "8"]
[White "Schmidt, Sophie"]
[Black "Kovalskyy, Alicia"]
[Result "0-1"]
[Termination "normal"]
[Board "4"]
[WhiteElo "1257"]
[BlackElo "1825"]
[WhiteClock "00:00:40"]
[BlackClock "00:41:28"]
[PlyCount "66"]
[WhiteFideId "34682503"]
[BlackFideId "34612130"]
[EventCountry "GER"]
[EventRounds "9"]
[EventType "swiss"]
[EventDate "2024.05.18"]

1. d4 {[%clk 01:30:59]} {[%emt 12:36:52]} d5 {[%clk 01:30:56]} {[%emt
00:00:04]} 2. Nf3 {[%clk 01:31:22]} {[%emt 00:00:06]} Nf6 {[%clk 01:31:22]}
{[%emt 00:00:04]} 3. Bf4 {[%clk 01:31:42]} {[%emt 00:00:11]} e6 {[%clk
01:31:41]} {[%emt 00:00:12]} 4. e3 {[%clk 01:31:40]} {[%emt 00:00:31]} c5
{[%clk 01:31:38]} {[%emt 00:00:34]} 5. Be2 {[%clk 01:31:05]} {[%emt 00:01:04]}
Bd6 {[%clk 01:31:35]} {[%emt 00:00:33]} 6. Bg3 {[%clk 01:29:51]} {[%emt
00:01:43]} O-O {[%clk 01:31:55]} {[%emt 00:00:11]} 7. Nc3 {[%clk 01:28:55]}
{[%emt 00:01:27]} a6 {[%clk 01:31:38]} {[%emt 00:00:47]} 8. O-O {[%clk
01:28:07]} {[%emt 00:01:17]} Bxg3 {[%clk 01:31:27]} 9. hxg3 {[%clk 01:28:10]}
{[%emt 00:01:08]} Nbd7 {[%clk 01:30:51]} {[%emt 00:01:07]} 10. Re1 {[%clk
01:23:15]} {[%emt 00:05:25]} b6 {[%clk 01:28:52]} {[%emt 00:02:30]} 11. b3
{[%clk 01:17:18]} {[%emt 00:06:27]} Re8 {[%clk 01:27:21]} {[%emt 00:02:00]} 12.
Bd3 {[%clk 01:15:01]} {[%emt 00:02:47]} e5 {[%clk 01:24:46]} {[%emt 00:03:05]}
13. Bf5 {[%clk 01:08:43]} {[%emt 00:06:47]} e4 {[%clk 01:20:18]} {[%emt
00:05:00]} 14. Bxd7 {[%clk 01:06:45]} {[%emt 00:02:28]} Nxd7 {[%clk 01:17:43]}
{[%emt 00:03:05]} 15. Nh2 {[%clk 00:59:25]} {[%emt 00:07:49]} Bb7 {[%clk
01:10:53]} {[%emt 00:07:20]} 16. Rb1 {[%clk 00:51:28]} {[%emt 00:08:27]} Rc8
{[%clk 01:10:01]} {[%emt 00:01:22]} 17. Qd2 {[%clk 00:49:45]} {[%emt 00:02:14]}
cxd4 {[%clk 01:08:28]} {[%emt 00:02:03]} 18. Qxd4 {[%clk 00:49:57]} {[%emt
00:00:17]} Nf6 {[%clk 01:08:10]} {[%emt 00:00:48]} 19. Re2 {[%clk 00:45:21]}
{[%emt 00:05:05]} Re6 {[%clk 01:01:40]} {[%emt 00:07:01]} 20. Rc1 {[%clk
00:35:17]} {[%emt 00:10:34]} Qe7 {[%clk 00:58:37]} {[%emt 00:03:31]} 21. Na4
{[%clk 00:30:13]} {[%emt 00:05:35]} b5 {[%clk 00:52:29]} {[%emt 00:06:38]} 22.
Nb2 {[%clk 00:27:04]} {[%emt 00:03:39]} Qa3 {[%clk 00:47:45]} {[%emt 00:05:13]}
23. Ree1 {[%clk 00:19:02]} {[%emt 00:08:32]} Rec6 {[%clk 00:45:41]} {[%emt
00:02:35]} 24. c4 {[%clk 00:11:40]} {[%emt 00:07:52]} Qxa2 {[%clk 00:42:22]}
{[%emt 00:03:49]} 25. Rc2 {[%clk 00:05:40]} {[%emt 00:06:30]} Qxb3 {[%clk
00:41:26]} {[%emt 00:01:26]} 26. Rd2 {[%clk 00:03:40]} {[%emt 00:02:29]} bxc4
{[%clk 00:41:14]} {[%emt 00:00:43]} 27. Nd1 {[%clk 00:02:42]} {[%emt 00:01:28]}
c3 {[%clk 00:40:42]} {[%emt 00:01:03]} 28. Rde2 {[%clk 00:01:02]} {[%emt
00:02:11]} c2 {[%clk 00:40:55]} {[%emt 00:00:16]} 29. Nc3 {[%clk 00:00:43]}
{[%emt 00:00:49]} Qxc3 {[%clk 00:40:48]} {[%emt 00:00:37]} 30. Qxc3 {[%clk
00:00:42]} {[%emt 00:00:31]} Rxc3 {[%clk 00:41:13]} {[%emt 00:00:04]} 31. Rc1
{[%clk 00:00:58]} {[%emt 00:00:14]} a5 {[%clk 00:41:28]} {[%emt 00:00:16]} 32.
Rd2 {[%clk 00:00:48]} {[%emt 00:00:39]} a4 {[%clk 00:41:24]} {[%emt 00:00:35]}
33. Rd4 {[%clk 00:00:40]} {[%emt 00:00:38]} Rd3 {[%clk 00:41:28]} {[%emt
00:00:26]} 0-1